[Event "Sachsen-Anhalt Landesliga-A 1920"]
[Site "Sachsen Anhalt"]
[Date "2019.11.17"]
[Round "3"]
[White "Boehm, Franz"]
[Black "Spandel, Michael"]
[Result "0-1"]
[WhiteElo "1511"]
[BlackElo "1786"]
[PlyCount "42"]
[EventDate "2019.09.29"]
[EventType "team-tourn"]
[EventRounds "9"]
[EventCountry "GER"]
[SourceTitle "EXT 2023"]
[Source "ChessBase"]
[SourceDate "2022.10.05"]
[SourceVersion "1"]
[SourceVersionDate "2022.10.05"]
[SourceQuality "1"]
[WhiteTeam "Dahlenwarsleben"]
[BlackTeam "Magdeburg Aufbau Elbe III"]
[WhiteTeamCountry "GER"]
[BlackTeamCountry "GER"]

1. d4 f5 2. c4 Nf6 3. Nc3 g6 4. Nf3 Bg7 5. h3 0-0 6. Qc2 d6 7. e3 e6 8. Be2 Qe7 9. b3 e5 10. dxe5 dxe5 11. Bb2 Nc6 12. Rd1 e4 13. Nd4 Nb4 14. Qb1 c5 15. Nc2 Nc6 16. Nd5 Nxd5 17. Rxd5 Be6 18. Rd1 Qg5 19. 0-0 f4 20. Kh2 f3 21. gxf3 exf3 0-1